000 01171cam a2200253 4500
001 X109229
008 000000n2000 000 0 eng u
035 _a(Sirsi) u109229
100 _aJones, T.
245 _aFarming out the estates
260 _c2000
490 _aProperty Week
_v65(43) 3 November 2000, 108(1)
520 _aRecent reports indicate a 90% decline in farming income over the past decade. This severe decline in the rural sector is forcing many estate owners and farmers to reassess their businesses. Considers how estate reorganisation can help and suggests lettings can provide the answer for many who are struggling to survive. Looks at agricultural land, residential property, traditional barns, lakes, woodland and increasing asset value. Contends that a good strategic management plan can produce excellent financial results.
590 _aABS
650 _aESTATE MANAGEMENT
650 _aLETTING POLICY
650 _aFARMLAND
650 _aFARMERS
650 _aAGRICULTURAL HOLDINGS ACT 1986
650 _aSTRATEGIC MANAGEMENT
650 _aFARM DIVERSIFICATION
690 _aRURAL-FARM BUSINESS MANAGEMENT
942 _n0
999 _c65203
_d65203